000 00542nam a22001817a 4500
003 LK-CoMWRAF
008 240210b |||||||| |||| 00| 0 eng d
020 _a9518946868
040 _aLK-CoMWRAF
_dLK-CoMWRAF
_eLK-CoMWRAF
041 _aeng
082 _a303.69
_bALA
111 _aAland- a success story
_c(Geneva
_d8th December 1999)
245 _aThe Aland Islands :
_ban inspiration for contemporary crisis Management
260 _aGeneva :
_bUnited nations office,
_c1999
300 _a49 p.
650 _aCONFLICT RESOLUTION
942 _cCP
999 _c4730
_d4730